Najwieksze miasta Polski bez klubu w II lidze - Statystyki

Ogólne statystyki
  • Ten quiz został rozwiązany 19 razy
  • Średni wynik to 7 z 10
Statystyki odpowiedzi
L. Mieszkańców Miasto % Poprawnych
320000 Bydgoszcz
94%
170000 Olsztyn
89%
190000 Toruń
89%
140000 Zielona Góra
83%
110000 Gorzów Wielkopolski
78%
110000 Elbląg
67%
110000 Koszalin
56%
130000 Ruda Śląska
56%
130000 Rybnik
56%
110000 Dąbrowa Górnicza
44%
Nie znaleziono quizów pasujących do podanych kryteriów
Rozkład punktacji
Procent ludzi z każdym wynikiem
Percentyl według liczby udzielonych odpowiedzi
Twoja historia wyników
Nie rozwiązałeś tego quizu